000 00603nam a2200205Ia 4500
001 15044
003 GE_BSU
008 181216s||||||||xx |||||||||||||| ||und||
040 _cGE_BSU
100 _aВулих, Б.З;
245 _aКраткий курс теории функции вещественной переменной
245 _bВведение в теорию интеграла
250 _a2-е изд.
260 _aМосква
260 _bНаука
260 _c1973
300 _a350стр.21см.
653 _aМатематический анализ.
942 _cBK
999 _c48162
_d48162